Central Library OPAC University of Rajshahi

শিল্পিত স্বভাব / (Record no. 49305)

MARC details
000 -LEADER
fixed length control field 00797nam a2200217 a 4500
001 - CONTROL NUMBER
control field 49305
003 - CONTROL NUMBER IDENTIFIER
rucl marc code BD-RjUL
005 - DATE AND TIME OF LATEST TRANSACTION
control field 20211209054649.0
008 - FIXED-LENGTH DATA ELEMENTS--GENERAL INFORMATION
fixed length control field 160820b1969 ||||| |||| 00| 0 ben d
035 ## - SYSTEM CONTROL NUMBER
System control number (BD-RjUL)49424
040 ## - CATALOGING SOURCE
Original cataloging agency BD-RjUL
Language of cataloging ben
Transcribing agency BD-RjUL
041 ## - LANGUAGE CODE
Language code of text/sound track or separate title ben
082 ## - DEWEY DECIMAL CLASSIFICATION NUMBER
Edition number 23
Classification number 891.44408
Author mark and year DAS 1969
100 10 - MAIN ENTRY--PERSONAL NAME
Personal name দাশগুপ্ত, অলোকরঞ্জন
9 (RLIN) 127212
245 10 - TITLE STATEMENT
Title শিল্পিত স্বভাব /
Statement of responsibility, etc. অলোকরঞ্জন দাশগুপ্ত
260 ## - PUBLICATION, DISTRIBUTION, ETC. (IMPRINT)
Place of publication, distribution, etc. কলিকাতা :
Name of publisher, distributor, etc. বিধান সরনী,
Date of publication, distribution, etc. ১৯৬৯
300 ## - PHYSICAL DESCRIPTION
Pagination ১৭৮ পৃ. ;
Size ২১ সেমি.
650 ## - SUBJECT ADDED ENTRY--TOPICAL TERM
Topical term or geographic name as entry element বাংলা প্রবন্ধ
General subdivision সংগ্রহ
9 (RLIN) 126212
Topical term or geographic name as entry element Bengali essay
General subdivision Collection
9 (RLIN) 148102
942 ## - ADDED ENTRY ELEMENTS (KOHA)
Source of classification or shelving scheme Dewey Decimal Classification
Koha item type Books
Holdings
Lost status Source of classification or shelving scheme Damaged status Not for loan Collection code Permanent Location Current Location Shelving location Date acquired Source of acquisition Cost, normal purchase price Total Checkouts Full call number Date last seen Copy number Koha item type
  Dewey Decimal Classification     Non-fiction Central Library, University of Rajshahi Central Library, University of Rajshahi   02/11/1974 Jonathon oearaN 7.50   B 891.44408 DAS 1969 20/08/2016 C-2 Books
  Dewey Decimal Classification     Non-fiction Central Library, University of Rajshahi Central Library, University of Rajshahi   25/08/1973 India Govt.     B 891.44408 DAS 1969 20/08/2016 C-3 Books
  Dewey Decimal Classification     Non-fiction Central Library, University of Rajshahi Central Library, University of Rajshahi   25/08/1973 Islamiya library, kolikata.     B 891.44408 DAS 1969 25/09/2016 C-4 Books